header

A history of Central European women's writing (Record no. 75040)

MARC details
000 -LEADER
fixed length control field 01485nam a2200325 a 4500
082 04 - DEWEY DECIMAL CLASSIFICATION NUMBER
Classification number 891.8/082
245 02 - TITLE STATEMENT
Title A history of Central European women's writing
260 ## - PUBLICATION, DISTRIBUTION, ETC. (IMPRINT)
Place of publication Houndmills, Basingstoke, Hampshire ;
-- New York :
Name of publisher Palgrave, in association with School of Slavonic and East European Studies, University College, London,
Year of publication 2001.
300 ## - PHYSICAL DESCRIPTION
Number of Pages xvii, 323 p. :
Other physical details maps.
490 1# - SERIES STATEMENT
Series statement Studies in Russia and East Europe
650 #0 - SUBJECT ADDED ENTRY--TOPICAL TERM
Topical Term East European literature
700 1# - ADDED ENTRY--PERSONAL NAME
Personal name Hawkesworth, Celia,
856 40 - ELECTRONIC LOCATION AND ACCESS
Uniform Resource Identifier http://site.ebrary.com/lib/rucke/Doc?id=10044075

No items available.

© 2026 Rongo University
Contact us: librarian | system librarian | Rongo university